Normal view
MARC view
Entry Personal Name
001 - CONTROL NUMBER
- control field: 43978
003 - CONTROL NUMBER IDENTIFIER
- control field: ARRUPE
005 - DATE AND TIME OF LATEST TRANSACTION
- control field: 20190111101217.0
008 - FIXED-LENGTH DATA ELEMENTS
- fixed length control field: 190111|| aca||aabn | a|a d
040 ## - CATALOGING SOURCE
- Original cataloging agency: ARRUPE
- Transcribing agency: ARRUPE
100 ## - HEADING--PERSONAL NAME
- Personal name: Blair, Peter Hunter
670 ## - SOURCE DATA FOUND
- Source citation: Work cat.: (ARRUPE)43306: Blair, Peter Hunter, Roman Britain and Early England 55 B.C - A.D. 871, 1963